[Event "Olympiad-32"]
[Site "Yerevan"]
[Date "1996.10.01"]
[Round "14.1"]
[White "Ftacnik, Lubomir"]
[Black "Krasenkow, Michal"]
[Result "1/2-1/2"]
[WhiteElo "2610"]
[BlackElo "2605"]
[Annotator "Krasenkow,M"]
[PlyCount "161"]
[EventDate "1996.09.15"]
[EventType "team-swiss"]
[EventRounds "14"]
[EventCountry "ARM"]
[SourceTitle "CBM 055"]
[Source "ChessBase"]
[SourceDate "1996.12.01"]
[SourceVersion "1"]
[SourceVersionDate "1996.12.01"]
[SourceQuality "1"]
[WhiteTeam "Slovakia"]
[BlackTeam "Poland"]
[WhiteTeamCountry "SVK"]
[BlackTeamCountry "POL"]

1. d4 Nf6 2. Nf3 b5 3. e3 b4 $146 4. a3 e6 5. axb4 Bxb4+ 6. c3 (6. Bd2 Be7)
6... Be7 7. Bd3 Bb7 8. Nbd2 c5 9. O-O O-O 10. dxc5 Bxc5 11. b4 Be7 12. e4 (12.
Nb3 $1 $14) 12... d6 13. Qc2 (13. Qe2 $142) 13... a5 $10 14. Bb2 Nbd7 (14...
Qc7 $142) 15. Nb3 axb4 16. cxb4 Rc8 17. Qb1 $6 (17. Qe2) 17... d5 18. Na5 (18.
exd5 Bxd5 19. Nbd2 $10) 18... Ba8 19. exd5 (19. e5 Ne4 20. b5 Ndc5 $36) 19...
Bxd5 20. Ng5 g6 $5 (20... h6 21. Nh7 Nxh7 22. Bxh7+ Kh8 23. Be4 $10) (20...
Bxb4 21. Bxf6 Qxf6 22. Bxh7+ (22. Nxh7 $6 Qc3) 22... Kh8 23. Qxb4 Qxg5 24. Be4
Qf4 25. Ra4 $10) 21. b5 (21. Ne4 Nxe4 22. Bxe4 Bxb4 23. Bxd5 Bxa5 (23... exd5
24. Qd3 Bxa5 25. Qd4 $10) 24. Bf3 Bc3 $17) 21... Nc5 22. Be2 Nce4 $1 23. Nxe4 (
23. Nf3 Bc5) 23... Nxe4 $1 24. Qd3 (24. Nc6 $5 Bxc6 25. bxc6 Nd2 26. Qc2 Nxf1
27. Qc3 f6 28. Kxf1 $44 {Ftacnik}) 24... Bc5 (24... Bf6 25. Bxf6 Qxf6 26. Nc6
$1) 25. Bd4 $6 (25. Nb3 $2 Nxf2 26. Rxf2 Bxb3 27. Qxb3 Qd2 28. Kf1 Bxf2 29.
Kxf2 Rc2 $19) (25. Nc6 $1 Bxc6 (25... Qb6 26. Nd4 e5 27. Ra6 Qb7 28. Nc6 $13)
26. bxc6 Nxf2 27. Qxd8 Rfxd8 28. Rxf2 Rd2 29. Ba3 Bxf2+ 30. Kxf2 Rxc6 31. Ke3
$13) 25... Bxd4 (25... Qb6 26. Bxc5 Rxc5 27. Nb3 $1 Rc3 28. Qd4 $10) 26. Qxd4
Nc3 (26... Rc2 $6 27. Bd3 Rd2 28. Qe3) 27. Qe3 (27. Bd3 Qg5 $40) 27... Nxe2+
28. Qxe2 Qg5 29. f3 (29. f4 $5 Qf6 30. Nc6 $15) 29... Rc5 (29... Rc3 30. f4 Qf6
31. Qd2 $15) 30. Rfe1 $1 (30. b6 $2 Rfc8 31. b7 Bxb7 32. Nxb7 Rc2 33. f4 Rxe2
34. fxg5 Rcc2 $17) 30... Rc3 (30... Rb8 31. Rab1 Ba8 32. Nc6 $15) 31. Qe5 (31.
Kh1 Ra8) 31... Qxe5 (31... Qd2 $6) 32. Rxe5 Rb8 33. Nc6 Bxc6 (33... Rxb5 34.
Ne7+ Kg7 35. Nxd5 $15) 34. bxc6 Rb2 35. Kf1 $1 Rcc2 36. c7 Kg7 $2 37. c8=Q $2 (
37. Re2 $1 Rxe2 38. c8=Q Rf2+ 39. Ke1 Rxg2 40. Qc3+ Kh6 41. Qe3+ Kh5 $44) 37...
Rxc8 38. Re2 Rxe2 (38... Rb4 $142 $15) 39. Kxe2 Rc2+ 40. Kf1 g5 41. Ra4 Kg6 42.
h4 h5 43. hxg5 Kxg5 44. g3 Rd2 45. Ra7 f6 46. Rg7+ Kh6 47. Rg8 e5 48. Rh8+ Kg6
49. Rg8+ Kh7 50. Re8 Kg7 51. Kg1 h4 52. gxh4 Rd4 53. Kg2 Rxh4 54. Ra8 Rd4 55.
Ra6 Kg6 56. Kg3 Kf7 57. Kf2 Ke7 58. Ke3 Rf4 59. Kf2 $5 Rd4 (59... e4 60. Ke3)
60. Ke3 f5 61. Ke2 Rd6 62. Ra5 Kf6 63. Ke3 Rb6 64. Ke2 Rb2+ 65. Kf1 Rc2 66. Ke1
f4 67. Kf1 Kg5 68. Rxe5+ Kh4 69. Ra5 Kg3 70. Ra8 Rc3 71. Ra2 (71. Rh8 $10) (71.
Rf8 $10) 71... Rc1+ (71... Rxf3+ 72. Kg1 Rd3 73. Rg2+ Kf3 74. Rf2+ Ke3 75. Kg2
$10) 72. Ke2 Rb1 (72... Kg2 73. Ra4 $1) 73. Ra8 Rb2+ 74. Kf1 Rb3 75. Rh8 Rxf3+
76. Kg1 Ra3 77. Rg8+ Kf3 78. Rf8 Ra1+ 79. Kh2 Rf1 80. Ra8 Re1 81. Rf8 1/2-1/2

[Event "Olympiad-32"]
[Site "Yerevan"]
[Date "1996.09.30"]
[Round "13.3"]
[White "Kurajica, Bojan"]
[Black "Van der Wiel, John"]
[Result "0-1"]
[WhiteElo "2490"]
[BlackElo "2535"]
[Annotator "Lempert,I"]
[PlyCount "70"]
[EventDate "1996.09.15"]
[EventType "team-swiss"]
[EventRounds "14"]
[EventCountry "ARM"]
[SourceTitle "CBM 055"]
[Source "ChessBase"]
[SourceDate "1996.12.01"]
[SourceVersion "1"]
[SourceVersionDate "1996.12.01"]
[SourceQuality "1"]
[WhiteTeam "Bosnia&Herzegovina"]
[BlackTeam "Netherlands"]
[WhiteTeamCountry "BIH"]
[BlackTeamCountry "NED"]

1. Nf3 d6 2. d4 Bg4 3. e4 Nf6 4. h3 Bh5 5. Nbd2 e6 6. c3 Be7 7. Qb3 (7. Bd3 O-O
8. Qc2 Nbd7 9. O-O e5 10. Nh4 Re8 11. Nf5 Bf8 $13 {Yusupov,A-Adams,M/Las
Palmas/1993/0,5/32/}) 7... Qc8 8. e5 Nfd7 9. g4 Bg6 10. Bg2 Nc6 (10... d5 $142)
11. O-O d5 12. Nh2 Bd3 13. Re1 Nb6 14. Qd1 Bg6 15. Ndf1 h5 16. a4 Qd7 17. a5
Nc4 18. a6 b5 19. b3 Nb6 20. Be3 hxg4 21. hxg4 Rd8 (21... b4 22. c4 $1) 22. Ng3
b4 23. Bf1 $1 bxc3 24. Bb5 Rb8 $1 (24... Bb4 25. Qe2) 25. Qe2 Nc8 26. Rec1 Kd8
$1 27. Ba4 (27. Rxc3 $5 Nxd4 28. Bxd7 Nxe2+ 29. Nxe2 Kxd7 30. Rac1 Bd8 31. Nd4
$44) 27... Nb6 28. Bb5 Nc8 29. Qf1 $2 (29. Ba4 $10) 29... c2 30. Ba4 Rb4 31. f4
Nb6 32. Bb5 Bh4 33. Nh5 Be4 34. Ra3 Be7 35. Ra2 Rxb3 0-1

[Event "Gibraltar Masters 10th"]
[Site "Caleta"]
[Date "2012.01.24"]
[Round "1"]
[White "Bellon Lopez, Juan Manuel"]
[Black "Laznicka, Viktor"]
[Result "0-1"]
[WhiteElo "2422"]
[BlackElo "2704"]
[Annotator "Let's Check"]
[PlyCount "111"]
[EventDate "2012.01.24"]
[EventType "swiss"]
[EventRounds "10"]
[EventCountry "GGB"]
[SourceTitle "CBM 147"]
[Source "ChessBase"]
[SourceDate "2012.03.16"]
[SourceVersion "1"]
[SourceVersionDate "2012.03.16"]
[SourceQuality "1"]

1. d4 e6 2. Nf3 Nf6 3. Bg5 h6 4. Bxf6 Qxf6 5. e4 d6 6. Nc3 Nd7 7. Qd2 a6 8.
O-O-O Qd8 9. g4 g6 10. h4 Bg7 11. e5 d5 12. Ne2 c5 13. c3 b5 14. Nf4 Qb6 15.
dxc5 Qxc5 16. Qd4 Rb8 17. Nd3 Qc7 18. Kb1 a5 19. Be2 Ba6 20. Rc1 O-O 21. Rhe1
Rfc8 22. g5 h5 23. Bf1 Qb7 24. b3 Bf8 25. Rc2 $6 (25. Nf4 Nc5 26. Nd2 $17)
25... b4 $19 26. Rec1 a4 $2 (26... bxc3 27. Rxc3 Rc4) 27. cxb4 $19 Rxc2 28.
Kxc2 axb3+ 29. axb3 Bxd3+ 30. Bxd3 Bxb4 31. Kd1 Ba3 32. Rb1 Bc5 33. Qf4 Qa7 34.
Qa4 Qb7 35. b4 Bxf2 36. Qc2 Bg3 37. Bxg6 Nxe5 38. Nxe5 Bxe5 39. Bh7+ Kg7 40.
Qe2 Kxh7 41. Qxe5 Qb5 42. Qe2 Kg6 43. Qxb5 Rxb5 44. Kc2 Kf5 45. Kb3 Rb7 46.
Rf1+ Kg4 47. Rg1+ Kf3 48. g6 fxg6 49. Rxg6 e5 50. Rg5 Kf4 51. Rxh5 d4 52. Kc4
Rc7+ 53. Kd5 d3 54. Rh8 d2 55. Rf8+ Ke3 56. Rf1 0-1

[Event "Olympiad-32"]
[Site "Yerevan"]
[Date "1996.09.18"]
[Round "3.3"]
[White "Garcia Ilundain, David"]
[Black "Arancibia Guzman, Eduardo"]
[Result "1-0"]
[WhiteElo "2520"]
[BlackElo "2340"]
[Annotator "Makarichev,S"]
[PlyCount "107"]
[EventDate "1996.09.15"]
[EventType "team-swiss"]
[EventRounds "14"]
[EventCountry "ARM"]
[SourceTitle "CBM 055"]
[Source "ChessBase"]
[SourceDate "1996.12.01"]
[SourceVersion "1"]
[SourceVersionDate "1996.12.01"]
[SourceQuality "1"]
[WhiteTeam "Spain"]
[BlackTeam "Chile"]
[WhiteTeamCountry "ESP"]
[BlackTeamCountry "CHI"]

1. d4 Nf6 2. Nf3 e6 3. Bg5 c5 4. e3 h6 5. Bh4 Be7 6. Nbd2 b6 7. c3 O-O 8. Bb5
$5 Bb7 9. O-O d6 $1 (9... d5 $6 10. Ne5 a6 11. Ba4 b5 12. Bc2 Nfd7 13. Bxe7
Qxe7 14. f4 $16) 10. Qe2 cxd4 11. cxd4 a6 $1 (11... Ne4 $6 12. Bxe7 Qxe7 13.
Nxe4 Bxe4 14. Rfc1 a6 15. Bd3 f5 16. Nd2 $16) 12. Bd3 (12. Ba4 $5 b5 13. Bb3
Nd5 14. Bg3 $1 $14) 12... Nc6 13. a3 (13. Rac1 $5 Nh5 $140 (13... Nd5 14. Bg3
$14) 14. Bxe7 Nxe7 (14... Qxe7 15. d5 $1) 15. Rc2 $1 Qd7 $6 (15... Rc8 $5 16.
Rfc1 $14) 16. Nc4 $1 Nd5 17. Nfe5 $1 dxe5 18. Nxe5 $16) 13... Nh5 14. Bxe7 Qxe7
(14... Nxe7 $5 $10) 15. Rac1 b5 $2 (15... Rfc8 $1 16. Nc4 Qd8 17. Bb1 b5 18.
Ncd2 Ne7 $10) 16. d5 $1 $16 exd5 (16... Na5 17. b4 Nc4 18. dxe6 $18) (16... Na7
17. dxe6 fxe6 $8 18. Ne5 $5 Qg5 (18... dxe5 19. Qxh5 Rad8 20. Qg6 e4 21. Bxe4
Rxd2 22. Qh7+ Kf7 23. Bg6+ Kf6 24. Bh5 $1 $16) 19. Ndf3 $1 (19. f4 $2 Qxg2+ 20.
Qxg2 Bxg2 21. Kxg2 dxe5 $13) 19... Bxf3 (19... Qe7 $2 20. Ng6) (19... Qf6 $2
20. Nd7) 20. Nxf3 $40) 17. Rxc6 $16 Nf4 $1 (17... Bxc6 $2 18. Nd4 $18) 18. exf4
Qxe2 19. Bxe2 Bxc6 20. Nd4 $16 Bb7 21. Rd1 g6 22. Nb1 Rac8 23. Nc3 Rfe8 24. h4
Kg7 25. h5 Kf8 26. hxg6 fxg6 27. Kf1 Rc5 28. Bd3 Kf7 29. f3 h5 30. Kf2 Rec8 31.
g4 $5 (31. Re1 $5 $18) 31... hxg4 32. fxg4 Rh8 33. Kg3 Kf6 34. g5+ Kg7 $5 (
34... Kf7 35. Re1 $18) 35. f5 (35. Ne6+ Kf7 36. Nxc5 dxc5 37. Nxd5 $5 Bxd5 38.
Bxg6+ Kxg6 39. Rxd5 $18) 35... Rh5 $1 36. Ne6+ $138 Kf7 37. Nf4 $4 (37. Nd8+ $1
$18) 37... Rxg5+ 38. Kh4 Rxf5 39. Bxf5 gxf5 40. Ncxd5 Bxd5 $1 41. Rxd5 Rc6 $1
$16 (41... Rc2 42. b4 Kf6) 42. Rd2 Rc4 43. Kg3 b4 44. Re2 Kg7 45. axb4 Rxb4 46.
Nd5 Rd4 47. Nf4 a5 48. Kf3 a4 49. Rc2 Rb4 50. Nd5 Rb3+ 51. Kf4 Kf7 52. Ne3 Rb7
53. Kxf5 a3 54. bxa3 (54. bxa3 Rb3 55. Nc4) 1-0

[Event "Olympiad-32"]
[Site "Yerevan"]
[Date "1996.09.20"]
[Round "5.2"]
[White "Marin, Mihail"]
[Black "Aleksandrov, Aleksej"]
[Result "1-0"]
[WhiteElo "2530"]
[BlackElo "2550"]
[Annotator "Makarichev,S"]
[PlyCount "79"]
[EventDate "1996.09.15"]
[EventType "team-swiss"]
[EventRounds "14"]
[EventCountry "ARM"]
[SourceTitle "CBM 055"]
[Source "ChessBase"]
[SourceDate "1996.12.01"]
[SourceVersion "1"]
[SourceVersionDate "1996.12.01"]
[SourceQuality "1"]
[WhiteTeam "Romania"]
[BlackTeam "Belarus"]
[WhiteTeamCountry "ROU"]
[BlackTeamCountry "BLR"]

1. Nf3 e6 2. g3 b5 3. Bg2 Bb7 4. d4 Nf6 5. O-O c5 6. Na3 $5 {N/} (6. a4 a6 7.
c3 $13 (7. axb5 axb5 8. Rxa8 Bxa8 $10)) 6... b4 (6... a6 7. c4 $1 $40 {xd6, /
\Na3xc4-d6(e5)/}) 7. Nc4 cxd4 8. Qxd4 d5 9. Nce5 Ne4 $6 (9... Nc6 10. Nxc6 Bxc6
11. Ne5 Bb7 12. a3 $14 bxa3 $140 13. Qa4+ $1) (9... Nbd7 $5 $132) 10. c4 $1 $40
bxc3 (10... f6 11. cxd5 Qxd5 12. Nd3 $14) 11. bxc3 f6 12. Rb1 $3 (12. Nd3 $6
Nc6 13. Qa4 Qa5 14. Qb3 Ba6 $15) 12... fxe5 13. Qxe5 Nc5 $8 (13... Bc8 $4 14.
Rxb8) 14. Qh5+ Kd7 (14... g6 $6 15. Qe5 Rg8 16. Rxb7 $1 Nc6 (16... Nxb7 $2 17.
Qxe6+ $18) (16... Nbd7 17. Qe3) 17. Qc7 (17. Qe3 $4 Nxb7 18. Qxe6+ Ne7) 17...
Nxb7 18. Qxb7 $1 (18. Qxc6+ $2 Qd7 $15) 18... Ne7 19. Nd4 $16) 15. Ne5+ Kc8 16.
Bg5 $1 g6 $8 (16... Be7 $2 17. Nf7 Qe8 18. Bxe7 g6 19. Qe5 $18) 17. Qh4 Qe8 18.
Bf6 Rg8 19. c4 $5 (19. Qxh7 $5 Bd6 (19... Nbd7 $1 20. Nxd7 Nxd7 21. c4 $1 (21.
Qxg8 $2 Nxf6 22. Qh8 Be7 $15)) 20. c4 Nbd7 21. Nxd7 Nxd7 22. Rfc1 $1 $16 (22.
Rxb7 $2 Nxf6)) 19... Nbd7 20. Rxb7 $5 Nxf6 (20... Nxb7 $6 21. cxd5 Nxf6 22.
Qxf6 Bg7 23. Rc1+ Kb8 24. Nc6+ $1 Qxc6 25. dxc6 Bxf6 26. cxb7 $18) 21. Qxf6 $5
(21. Rb5 $40) 21... Kxb7 22. cxd5 Kc7 (22... Ka6 23. dxe6 Be7 24. Qf4 Rc8 25.
Nd7 $18) 23. Rc1 Rb8 {xa8 (Bg2!)/} 24. Nd3 Rb5 25. a4 Ra5 26. Qd4 Qxa4 (26...
Kb6 $2 27. Qb4+) 27. Nxc5 $1 Qxd4 28. Nxe6+ Kb7 29. Nxd4 $16 Bd6 30. Rb1+ Kc7
31. Rc1+ Kb7 32. Rb1+ Kc7 33. Nb5+ Kd7 34. Bh3+ Ke7 35. Nd4 $1 Kf6 (35... Rxd5
36. Rb7+ Kf6 37. Be6 $18) 36. e4 Ra4 37. Rd1 g5 $8 38. Rd2 Rc4 39. Nf5 Be5 $4
$138 (39... Bc5 $142 $1 40. Nh6 $1 (40. Re2 $2 g4 41. Nh6 $4 gxh3 42. Nxg8+ Kg7
$17) 40... Re8 41. Bf5 $1 $16) 40. Nh6 $18 {/\Nh6-g4/} 1-0

[Event "EU-ch 12th"]
[Site "Aix les Bains"]
[Date "2011.03.24"]
[Round "3"]
[White "Nikolic, Predrag"]
[Black "Motylev, Alexander"]
[Result "1/2-1/2"]
[WhiteElo "2596"]
[BlackElo "2677"]
[Annotator "Marchand,A/Primel,D"]
[PlyCount "178"]
[EventDate "2011.03.22"]
[EventType "swiss"]
[EventRounds "11"]
[EventCountry "FRA"]
[SourceTitle "CBM 142 Extra"]
[Source "ChessBase"]
[SourceDate "2011.06.27"]
[SourceVersion "1"]
[SourceVersionDate "2011.06.27"]
[SourceQuality "1"]
[TimeControl "40/5400+30:1800+30"]

1. d4 Nf6 2. Nf3 e6 3. g3 d5 (3... b5 4. Bg2 (4. Qd3 $5) 4... Bb7 5. O-O c5 6.
c3 (6. Na3 a6 7. c4 b4 8. Nc2 Qb6 9. Be3 a5 $132 {[%csl Rc2,Re3]}) 6... Be7 7.
Bg5 (7. a4 b4 $1 8. dxc5 Bxc5 9. cxb4 Bxb4 10. Qb3 a5 $11 {Petrovic,M (2290)
-Akhmilovskaya,E (2295) YUG-URS Teslic 1979 0-1}) 7... Na6 8. Nbd2 O-O 9. e3 h6
10. Bxf6 Bxf6 11. Qe2 Qb6 12. a4 b4 13. Ne5 Bxg2 14. Kxg2 d6 $1 15. Nd7 Qc6+
16. Kg1 Qxd7 17. Qxa6 Rfc8 $11 {Ris,R (2411)-Bocharov,D (2614) EU-ch 8th
Dresden 2007 (1) 0-1}) 4. Bg2 (4. c4 {Retombe sur une Catalane}) 4... b5 $1 {
L'ordre de coups des Blancs n'est pas trés ambitieux et les Noirs ont des bons
résultats avec ce système} 5. O-O (5. a4 b4 6. c4 bxc3 7. Nxc3 Be7 (7... c5 8.
O-O Bb7 (8... Nc6)) 8. O-O Nbd7 (8... O-O) 9. Bf4 Nh5 10. Bd2 Bb7 (10... O-O
11. e4) (10... c5) 11. a5 $14 {[%cal Ga5a6]}) 5... Bb7 (5... c5 $5) 6. Qd3 (6.
b3 Nbd7 7. c4 bxc4 8. bxc4 dxc4 9. Qa4 Be7 10. Ne5 Bxg2 11. Kxg2 O-O 12. Nc6
Nb6 $1 13. Qa5 Qd5+ 14. Qxd5 Nbxd5 15. Nxe7+ Nxe7 $11) 6... a6 7. a4 b4 8. c4
bxc3 9. bxc3 c5 10. Nbd2 Nbd7 11. Ba3 ({RR} 11. Rd1 Rc8 12. Ne5 Nxe5 13. dxe5
Nd7 14. f4 c4 15. Qc2 Bc5+ 16. Kh1 Qc7 17. Nf3 O-O 18. Ng5 g6 19. h4 Kg7 20. h5
Be7 21. Nh3 Nc5 22. Bf3 Nb3 23. Rb1 Bc5 24. Rxb3 cxb3 25. Qd2 d4 {Paul,M (2194)
-Vasilevich,T (2368)/Germany 2008/EXT 2009/0-1 (43)}) 11... c4 12. Qc2 Bxa3 13.
Rxa3 Qc7 $146 {[%cal Gc7c4]} ({RR} 13... O-O 14. e4 dxe4 15. Ng5 Bd5 16. Ngxe4
Nxe4 17. Nxe4 Rb8 18. Raa1 h6 19. Rfb1 Qc7 20. Nd2 Bxg2 21. Kxg2 Nf6 22. Kg1
Nd5 23. Ne4 Qa5 24. Rc1 Rb3 25. Qe2 Rc8 26. Rc2 Rc6 27. Qe1 Qb6 28. Qc1 {
Kalinitschew,S (2450)-Rigo,J (2400)/Berlin 1990/EXT 1997/0-1 (56)}) 14. Rb1 O-O
$11 {Comme souvent les Blancs n'ont rien obtenu de l'ouverture} 15. Ne1 $6 Rab8
16. Raa1 a5 17. e4 Nxe4 18. Nxe4 dxe4 19. Bxe4 Bxe4 20. Qxe4 Nf6 (20... Rb3 $5
{[%csl Ra1][%cal Gf8b8]} 21. Rxb3 cxb3 22. Qd3 Rb8 $36 {[%csl Gb3]}) 21. Qc2
Nd5 22. Nf3 Rb3 23. Rxb3 cxb3 24. Qxb3 Rb8 25. Qc2 Qxc3 26. Qxc3 Nxc3 27. Kf1
f6 28. Nd2 Rb4 29. Rc1 Nxa4 30. Nc4 h5 31. h4 Nb2 32. Nxa5 Rxd4 33. Ke2 Re4+
34. Kf1 Nd3 35. Rd1 Ne5 36. Nb3 Rc4 37. Rd6 Kf7 38. Rd2 Rc7 39. Kg2 Ng4 40. Ra2
e5 41. Nd2 Kg6 $15 {Les pièces Noires sont nettement plus actives.} 42. Nf1 Rc3
43. Nh2 Nh6 44. Nf1 Nf5 45. Rb2 Ra3 46. Nd2 Ra4 47. Nf1 Rg4 48. Nh2 Rc4 49. Nf1
Ra4 50. Nd2 Ra1 51. Nf1 Re1 52. Ra2 Kh7 53. Rb2 Nd4 54. Ne3 Re2 55. Rb7 Kh6 {
[%csl Ge2,Rf2,Rg2] Les Noirs ont progressé un peu} 56. Ra7 Rb2 57. Nc4 Rc2 58.
Ne3 Rc5 59. Ra6 Rc7 60. Nd5 Rd7 61. Ne3 Kg6 62. Nc4 {[%cal Gc4e5,Ga6g6]} Re7
63. Ne3 Kf7 64. Ra2 Rc7 65. Nd5 Rd7 66. Ne3 Ne6 67. Nc4 g6 68. Ra6 Rc7 69. Nd6+
Ke7 70. Ne4 Rc4 71. Ra7+ Rc7 72. Ra6 Rc4 73. Ra7+ Nc7 74. Nd2 Rc6 75. Nf1 Ke6
76. Ne3 f5 77. Ra4 Ne8 78. Ra2 Nd6 79. Nf1 Rb6 80. Nd2 Kf6 81. Nf3 Nf7 82. Ng1
Nd8 83. Nh3 Ne6 84. Ra5 e4 {[%cal Gb6b2,Ge4e3]} 85. Ra2 Rc6 86. Kf1 Rb6 87. Kg2
Rd6 88. Ra7 Rc6 89. Ra2 Rb6 1/2-1/2

[Event "Andorra op 16th"]
[Site "Andorra"]
[Date "1998.??.??"]
[Round "2"]
[White "Granados Gomez, Manuel"]
[Black "Marin, Mihail"]
[Result "1/2-1/2"]
[WhiteElo "2315"]
[BlackElo "2545"]
[Annotator "Marin,M"]
[PlyCount "94"]
[EventDate "1998.06.??"]
[EventType "swiss"]
[EventRounds "9"]
[EventCountry "AND"]
[SourceTitle "EXT 2003"]
[Source "ChessBase"]
[SourceDate "2002.11.25"]
[SourceVersion "1"]
[SourceVersionDate "2002.11.25"]
[SourceQuality "1"]

1. d4 Nf6 2. Bg5 e6 3. Nf3 h6 4. Bh4 d6 5. Nbd2 g5 6. Bg3 Nh5 7. e3 Bg7 8. Bd3
O-O 9. Ng1 Nxg3 10. hxg3 f5 11. g4 Nd7 12. gxf5 exf5 13. Bc4+ Kh8 14. Qh5 d5
15. Bd3 (15. Bb3) 15... Kg8 16. Qf3 Nf6 17. Ne2 Ne4 18. Ng3 Qd6 (18... Nxd2 19.
Kxd2 f4 20. Nh5 fxe3+ 21. Qxe3 Re8 22. Bh7+ Kxh7 (22... Kh8 23. Qd3) 23. Qd3+
Kh8 24. Nxg7 Kxg7 25. Rxh6 Re4 (25... Kxh6 26. Rh1+ Kg7 27. Rh7+ Kf6 28. Rh6+
Ke7 29. Qh7+ Kf8 30. Qh8+ Kf7 31. Rh7+ Kg6 32. Rg7+ Kf5 33. Qh3+ Kf6 34. Qh6+
Kf5 35. Rf7+ Ke4 36. c3 $18) 26. Rah1 Bf5 27. g4 Re6 (27... Bg6 28. f3 Re6 29.
Rh7+ Kf6 30. Qxg6+ Kxg6 31. R1h6#) 28. Rh7+ Bxh7 29. Qxh7+ Kf8 30. Qf5+ Qf6 31.
Qxf6+ Rxf6 32. Rh8+ Kf7 33. Rxa8 $14) 19. Bxe4 fxe4 (19... dxe4 20. Qe2 Be6 $15
) 20. Qe2 Bd7 21. c4 c5 22. dxc5 Qxc5 23. Rb1 (23. cxd5 Bb5 24. Ndxe4 Qxd5)
23... Rac8 (23... Rae8 24. O-O Qa5 25. cxd5 Bb5 26. Nc4 Qxa2) 24. O-O dxc4 25.
Ndxe4 Qe7 26. Rfd1 Be6 27. Nd6 Rc6 28. Nb5 Rc5 29. Nd4 Bc8 30. Rd2 Be5 31. Nf1
(31. Ne4 Bh2+ 32. Kxh2 Qxe4) 31... b6 (31... b5 32. Nxb5 Bf5) 32. Rc1 Qf6 33.
Nf3 c3 34. bxc3 Bxc3 35. Rdc2 Bb7 36. Ng3 Rfc8 37. e4 g4 38. Nh2 h5 39. Nf5 (
39. Nxh5 Rxh5 40. Rxc3 Rxc3 41. Rxc3 Qxc3 (41... Rxh2 42. Qxg4+ $18) 42. Qxg4+)
39... Be5 40. Rxc5 bxc5 41. Qc4+ Kh8 42. Nf1 Bd4 43. Rd1 (43. N1g3 h4 44. Nh5
Qe5 45. Qf7 Bxf2+ (45... Bxe4 46. Nxd4 Qxd4 47. Re1 (47. Rc4 Bd5) 47... g3) 46.
Kxf2 Qb2+ 47. Kg1 Qxc1+ 48. Kh2 g3+ 49. Kh3 Qh1+ 50. Kg4 Rg8+ 51. Nhg7 Qd1+ 52.
Kxh4 Bxe4) 43... Rd8 $2 (43... Rf8 44. Rd2 (44. N1g3 Bxe4) 44... Bxe4 45. Nxd4
cxd4 46. Qxd4 Qxd4 47. Rxd4 Bg6 48. Ne3) 44. Nxd4 cxd4 45. Qc5 (45. Ng3 h4 46.
Nh5 Qe5 47. Qf7 Bxe4 48. Nf6) 45... Bxe4 46. Ng3 (46. Qxh5+ Bh7 47. Qxg4 d3)
46... Bg6 47. Nxh5 Qf5 (47... Qf5 48. Qe7 (48. Qc7 Rg8 49. Ng3 Qd5 50. Qxa7 d3)
48... Rd7 49. Qf6+ Qxf6 50. Nxf6 Rd6 51. Nxg4 Bh5 52. Ne5 Rd5) 1/2-1/2